[Event "San Francisco TNM Winter op"]
[Site "San Francisco"]
[Date "2013.01.08"]
[Round "1"]
[White "Ivanov, Aleksandr Y"]
[Black "Graeber, Marie"]
[Result "1-0"]
[WhiteElo "2022"]
[BlackElo "1571"]
[PlyCount "41"]
[EventDate "2013.01.08"]
[EventType "swiss"]
[EventRounds "8"]
[EventCountry "USA"]
[SourceTitle "EXT 2016"]
[Source "ChessBase"]
[SourceDate "2015.10.08"]
[SourceVersion "1"]
[SourceVersionDate "2015.10.08"]
[SourceQuality "1"]

1. d4 d5 2. Nf3 Nf6 3. Bg5 Nbd7 4. e3 g6 5. Bd3 Bg7 6. 0-0 c6 7. c4 Qb6 8. Qe2 c5 9. Nc3 cxd4 10. exd4 dxc4 11. Bxc4 Qd8 12. Rfe1 Nb6 13. Bb3 h6 14. Bf4 Bg4 15. Bxf7+ Kxf7 16. Ne5+ Ke8 17. Nxg4 g5 18. Be5 Nbd7 19. Bd6 Ng8 20. Nd5 Bf8 21. Qe6 1-0